| 000 | 01976nam0a2200409 4500 | ||
|---|---|---|---|
| 001 | RU\NLR\BIBL_A\022603652 | ||
| 005 | 20260417135920.0 | ||
| 010 |
_a978-5-389-25688-0 _92000 |
||
| 021 |
_aRU _bАЛ-П-25-00568и _9АЛ-П-25-0118 |
||
| 035 | _a(NLR Aleph) 022603652 | ||
| 090 |
_a13682065 _c13682065 |
||
| 100 | _a20250819d2025 u y0rusy50 ca | ||
| 101 | 1 |
_arus _cfre _ceng |
|
| 102 | _aRU | ||
| 105 | _aa t 000ay | ||
| 181 | 0 |
_ab3 _bxb2e |
|
| 181 | 0 |
_ai2 _baxxe |
|
| 182 | 0 | _an | |
| 200 | 1 |
_aПадение дома Ашеров _e[графический роман] _eпо мотивам произведения Эдгара Аллана По _fЖан Дюфо, Хайме Кальдерон _g[перевод с французского Глеба Марьясова _gперевод с английского Норы Галь и Надежды Вольпин] |
|
| 203 |
_aИзображение _aТекст _bвизуальные _cнепосредственные |
||
| 210 |
_aМосква _cАзбука-Аттикус, КоЛибри _d2025 |
||
| 215 |
_a78, [1] с. _cцв. ил. _d27 |
||
| 225 | 1 |
_aГрафические романы _iЛегендарная классика |
|
| 327 | 1 | _aВ кн. также текст ориг. рассказа | |
| 333 | _a18+ | ||
| 464 | 0 |
_12001#$aПадение дома Ашеров$fЭдгар Аллан По _1700#1$aПо$bЭ. А.$f1809-1849$gЭдгар Аллан$3RU\NLR\AUTH\773219 |
|
| 686 | 0 | _aЩ153(7Э)65-475 | |
| 686 | 1 | _aШ6(7США)57-440.5{Лх1976-45По} | |
| 686 | 1 | _aШ6(4Б)267-440.4комикс{Лх1548-45комикс} | |
| 700 | 1 |
_aДюфо _bЖ. _f1949- _gЖан _3RU\NLR\AUTH\770284111 _4070 |
|
| 701 | 1 |
_aКальдерон _bХ. _gХайме _4070 |
|
| 942 | _cBOOK | ||
| 980 | _aNB | ||